Click the country in blue 2 - Statistics

General Stats
  • This quiz has been taken 9 times
  • The average score is 7 of 15
Answers on the Map
Answers color-coded by a green-red scale on the quiz's map according to % correct below.
 
Answer Stats
Answer % Correct
spain
75%
thailand
75%
turkey
75%
brazil
50%
china
50%
egypt
50%
estonia
50%
india
50%
mexico
50%
niger
50%
usa
50%
indonesia
25%
nepal
25%
norway
25%
south africa
25%
No matching quizzes found
Score Distribution
Percent of People with Each Score
Percentile by Number Answered
Your Score History
You have not taken this quiz